Statistics for Clash of Clans Army by Picture

Click here to take the quiz!

General Stats

  • This quiz has been taken 81 times
  • The average score is 63 of 108

Answer Stats

Answer% Correct
Archer
100%
Baby Dragon
100%
Balloon
100%
Dragon
100%
Giant
100%
Goblin
100%
Golem
100%
Healer
100%
Hog Rider
100%
P.E.K.K.A
100%
Witch
100%
Wizard
100%
Barbarian
98%
Ice Golem
98%
Miner
98%
Minion
96%
Wall Breaker
96%
Lava Hound
92%
Valkyrie
91%
Bowler
89%
Electro Dragon
87%
Yeti
85%
Super Archer
79%
Super Barbarian
79%
Super Barbarian
79%
Inferno Dragon
77%
Inferno Dragon
77%
Super Giant
77%
Super Giant
77%
Bomber
75%
Cannon Cart
72%
Sneaky Archer
72%
Super Minion
72%
Super Witch
72%
Super Wizard
72%
Super Wizard
72%
Super Dragon
70%
Super Dragon
70%
Archer Queen
68%
Barbarian King
66%
Super Bowler
66%
Super Hog Rider
66%
Super Wall Breaker
66%
Dragon Rider
64%
Rage Spell
64%
Rage Spell
64%
Sneaky Goblin
64%
Super Miner
64%
Freeze Spell
62%
Night Witch
62%
Headhunter
60%
Healing Spell
60%
Healing Spell
60%
Ice Hound
60%
Clone Spell
58%
Hog Glider
58%
Raged Barbarian
58%
Jump Spell
57%
Jump Spell
57%
Super Valkyrie
57%
Grand Warden
55%
Lightning Spell
53%
Lightning Spell
53%
Poison Spell
53%
Boxer Giant
51%
Bat Spell
49%
Earthquake Spell
49%
Battle Machine
47%
Electro Titan
47%
Rocket Balloon
47%
Rocket Balloon
47%
Royal Champion
47%
Minion Horde
45%
Apprentice Warden
43%
Battle Ram
43%
Haste Spell
43%
Skeleton Spell
43%
Battle Copter
38%
Beta Minion
38%
Invisibility Spell
38%
Phoenix
36%
Drop Ship
34%
Log Launcher
34%
Unicorn
34%
L.A.S.S.I
32%
Mountain Golem
30%
Power P.E.K.K.A
28%
Power P.E.K.K.A
28%
Recall Spell
28%
Wall Wrecker
26%
Sneaky Archers
25%
Graveyard Spell
23%
Siege Barracks
23%
Skeleton Barrels
23%
Battle Blimp
21%
Diggy
21%
Electrofire Wizard
21%
Electro Owl
21%
Flame Flinger
21%
Flying Fortress
21%
Mighty Yak
21%
Battle Drill
17%
Frost Spell
15%
Frosty
13%
Poison Lizard
13%
Raid Cart
13%
Hog Raiders
11%
Stone Slamer
11%

Score Distribution

Percentile by Number Answered

Percent of People with Each Score

Your Score History

You have not taken this quiz